000 00535nam a2200181Ia 4500
001 16494
005 20260306170313.0
008 260306t2023||||xx |||||||||||||| ||und||
041 _aESP
082 _a348.6
_bM86A
100 _aMorillo Villavicencio, Analí Shihomara,
_eAUT
245 0 _aCriterios administrativos emitidos por el Tribunal de Fiscalización Laboral; Procedimiento de fiscalización laboral
260 _c2023
300 _a56 páginas :
_c24 cm.
650 _aGEN
654 _aCDE
942 _cLIB
_dJUS
_fJUS
_2ddc
_n
999 _c16494
_d16494